000 00542nam a22001937a 4500
003 0
005 20260116144641.0
008 260116b xxu||||| |||| 00| 0 eng d
020 _a978-0-545-74848-3
050 _aER
_bIm31 1999
082 _aER
_bIm31 1999
100 _aMcCourt, Lisa
245 _aI miss you, stinky face
_cLisa McCourt
260 _aNew York, NY :
_bScholastic Inc.,
_c1999.
300 _a31 unnumbered pages :
_bcolored illustrations ;
_c13 cm.
650 _aBoard books.
650 _aPicture books.
942 _2ddc
_cBK
999 _c368726
_d368726